LIBRARY ONLINE CATALOGUE

The nutritionist (Record no. 17980)

MARC details
000 -LEADER
fixed length control field 00489nam a22001697a 4500
008 - FIXED-LENGTH DATA ELEMENTS--GENERAL INFORMATION
fixed length control field 191016b xxu||||| |||| 00| 0 eng d
020 ## - INTERNATIONAL STANDARD BOOK NUMBER
International Standard Book Number 0789034247
040 ## - CATALOGING SOURCE
Original cataloging agency KABU
Transcribing agency KABU
050 ## - LIBRARY OF CONGRESS CALL NUMBER
Classification number QP141
Item number .W55 2009 c. 1
100 ## - MAIN ENTRY--PERSONAL NAME
Personal name Wildman, Robert E. C.
245 ## - TITLE STATEMENT
Title The nutritionist
Remainder of title food, nutrition, and optimal health
Statement of responsibility, etc. Robert E. C. Wildman
250 ## - EDITION STATEMENT
Edition statement 2nd ed.
260 ## - PUBLICATION, DISTRIBUTION, ETC. (IMPRINT)
Place of publication, distribution, etc. New York
Name of publisher, distributor, etc. Routledge
Date of publication, distribution, etc. 2009
300 ## - PHYSICAL DESCRIPTION
Extent xi, 375 p.
650 ## - SUBJECT ADDED ENTRY--TOPICAL TERM
Topical term or geographic name as entry element Nutrition
942 ## - ADDED ENTRY ELEMENTS (KOHA)
Source of classification or shelving scheme Library of Congress Classification
Koha item type General Collection
Classification part QP141
Holdings
Withdrawn status Lost status Source of classification or shelving scheme Not for loan Home library Current library Date acquired Cost, normal purchase price Total Checkouts Full call number Barcode Date last seen Date last checked out Copy number Price effective from Koha item type
    Library of Congress Classification   Kabarak, Main Campus Kabarak, Main Campus 16/10/2019 4819.00 1 QP141 .W55 2009 c. 1 023696 02/03/2021 01/03/2021 c. 1 16/10/2019 General Collection
    Library of Congress Classification   Kabarak, Main Campus Kabarak, Main Campus 16/10/2019 4819.00 3 QP141 .W55 2009 c. 2 023697 16/10/2023 05/10/2023 c. 2 16/10/2019 General Collection